English Grammar Composition and Correspondence (Record no. 344081)

000 -LEADER
fixed length control field 00363 a2200133 4500
082 ## - DEWEY DECIMAL CLASSIFICATION NUMBER
Classification number 425
090 ## - LOCALLY ASSIGNED LC-TYPE CALL NUMBER (OCLC); LOCAL CALL NUMBER (RLIN)
-- 1562
-- 1562
100 ## - MAIN ENTRY--PERSONAL NAME
Personal name M. Alderton Pink
245 ## - TITLE STATEMENT
Title English Grammar Composition and Correspondence
Statement of responsibility, etc. M. Alderton Pink
Medium S.E. Thomas
250 ## - EDITION STATEMENT
Edition statement 12th
260 ## - PUBLICATION, DISTRIBUTION, ETC.
Place of publication, distribution, etc. New Delhi
Name of publisher, distributor, etc. S. Chand & Company LTD.
Date of publication, distribution, etc. 1993
300 ## - PHYSICAL DESCRIPTION
Extent 408
942 ## - ADDED ENTRY ELEMENTS (KOHA)
Institution code [OBSOLETE] NBS
Koha item type Book
Call number prefix 425 PIN
Holdings
Withdrawn status Lost status Damaged status Not for loan Permanent Location Current Location Date acquired Total Checkouts Full call number Barcode Date last seen Date last checked out Price effective from Koha item type
        Central Library (CL) Central Library (CL) 08/28/2013 1 425 PIN NBS655 11/23/2017 08/23/2017 08/28/2013 Book
© 2023 Central Library, National University of Sciences and Technology. All Rights Reserved.